El arte de la oratoria : L'art oratoire /

Considerado uno de los más eminentes predicadores del clero francés, el autor comparte sus experiencias como orador y establece modelos para formular discursos basados en las cualidades éticas y de estudio del orador, en la preparación de un plan, en la organización de materias, y en la adecuación c...

Бүрэн тодорхойлолт

-д хадгалсан:
Номзүйн дэлгэрэнгүй
Үндсэн зохиолч: Bautain, Louis Eugène Marie (autor)
Формат: Ном
Хэл сонгох:испани
Хэвлэсэн: México : Editores Mexicanos Unidos, 1976, c1976
Нөхцлүүд:
Шошгууд: Шошго нэмэх
Шошго байхгүй, Энэхүү баримтыг шошголох эхний хүн болох!

MARC

LEADER 00000nam^a2200000^a^4500
001 000387223
005 20250521000000.0
009 20260310121020.118
037 |a Acervo Xavier Clavigero 
041 |a ESP 
082 |a 809. 5  |b BAU 
100 |a Bautain, Louis Eugène Marie  |e (autor) 
240 1 4 |a [El arte de la oratoria] 
245 1 3 |a El arte de la oratoria :  |b L'art oratoire /  |c L.E.M. Bautain ; tr. por Jorge Planas Fernández. 
246 2 |a Título en la cubierta: El arte de la oratoria: la oratoria a su alcance 
264 4 |a México :  |b Editores Mexicanos Unidos,  |c 1976, c1976 
300 |a 218 p. 
336 |a texto  |b txt  |2 rdacontenido 
337 |a sin mediación  |b n  |2 rdamedio 
338 |a volumen  |b nc  |2 rdasoporte 
500 |a Traducción de: Étude sur l'art de parler en public 
520 |a Considerado uno de los más eminentes predicadores del clero francés, el autor comparte sus experiencias como orador y establece modelos para formular discursos basados en las cualidades éticas y de estudio del orador, en la preparación de un plan, en la organización de materias, y en la adecuación conforme al tipo de oratoria que se está preparando (religioso o político). 
649 |a XX 
650 |a Discurso Religioso 
650 |a Discursos (Oratoria) 
650 |a Conferencias y el Arte de Disertar 
650 |a Predicación 
650 |a Oratoria Política 
650 |a Oratoria -  |x Tema Principal 
650 |a Retórica 
650 |a Comunicación (Teología) 
650 |a Comunicación Verbal 
650 |a Comunicación Oral 
650 |a Religión y Comunicación 
650 |a Religión y Literatura 
650 |a Literatura 
910 |a Fondo General 
920 |a Impresos - Libros 
930 |a Colección General 
940 |a Literatura 
905 |a 101 
901 |a 0500282028  |b IT1  |c LIT  |u 20250521 
902 |a https://opac.biblio.iteso.mx/vufind/Record/000387223